| 000 | 00410pab a2200169 454500 | ||
|---|---|---|---|
| 008 | 180718b2004 xxu||||| |||| 00| 0 eng d | ||
| 100 | _aPrasad, Abha | ||
| 245 | _aStates' debt and debt relief | ||
| 260 | _c2004 | ||
| 300 | _ap.2726-736. | ||
| 362 | _a26 Jun | ||
| 650 | _aDebt relief | ||
| 700 | _aPrakash, Anupam | ||
| 700 | _aGoyal, Rajan | ||
| 773 | _aEconomic and Political Weekly | ||
| 909 | _a61302 | ||
| 999 |
_c61302 _d61302 |
||